Glavni gradovi Oceanije - Statistics

General Stats
  • This quiz has been taken 96 times
  • The average score is 8 of 14
Answer Stats
Zemlje Glavni % Correct
Australija Canberra
96%
Novi Zeland Wellington
81%
Fidži Suva
70%
Samoa Apia
61%
Papua Nova Gvineja Port Moresby
61%
Nauru Yaren
59%
Vanuatu Port Vila
58%
Savezne Države Mikronezije Palikir
56%
Tuvalu Funafuti
51%
Solomonski Otoci Honiara
51%
Tonga Nuku'alofa
50%
Maršalovi Otoci Majuro
46%
Palau Ngerulmud
44%
Kiribati Tarawa
35%
No matching quizzes found
Score Distribution
Percent of People with Each Score
Percentile by Number Answered
Your Score History
You have not taken this quiz